000 00832cab a2200277 4500
001 X2108
008 090401t1995 xxu||||| |||| 00| 0 eng d
035 _a(Sirsi) u21807
041 _aeng
100 _aMoreton, P.
245 _aHandle with care
260 _c1995
350 _a0
490 _aCSM (Chartered Surveyor Monthly)
_v4(5) March 1995, 50(1)
650 _aAXA ENQUIRY AND LAW HOME LOANS LTD V GOLDSACK AND FREEMAN
650 _aCRANEHEATH SECURITIES V YORK MONTAGUE LTD
650 _aDUTY OF CARE
650 _aMCCULLAGH V LANE-FOX
650 _aPROFESSIONAL INDEMNITY INSURANCE
650 _aPROFESSIONAL INDEMNITY INSURANCE
650 _aPROFESSIONAL NEGLIGENCE
690 _aINSURANCE
_96249
690 _aMANAGEMENT-BUSINESS MANAGEMENT-PROFESSIONAL PRACTICE
942 _n0
948 _c04/03/1997
999 _c14618
_d14618